000 00453nam a2200181Ia 4500
005 20250508154021.0
008 008 250505s9999 xx 000 0 eng d
037 _aTextual
040 _aFEDL
_beng
_cFEDL
041 _aeng
_2eng
084 _a514, ABB
_qFEDL
100 _aAbbott P
_9280573
245 0 _aTeach yourself trigonometry
260 _c1946
300 _axii,204p
942 _cTEXL
_h514, ABB
999 _c1347061
_d1347061